|
|
|
|
| LEADER |
00000cam a22000002c 4500 |
| 001 |
240733851 |
| 003 |
DE-627 |
| 005 |
20240329005059.0 |
| 007 |
tu |
| 008 |
980302s1908 xx ||||| 00| ||ger c |
| 035 |
|
|
|a (DE-627)240733851
|
| 035 |
|
|
|a (DE-576)924073385X
|
| 035 |
|
|
|a (DE-599)GBV240733851
|
| 035 |
|
|
|a (OCoLC)245791746
|
| 040 |
|
|
|a DE-627
|b ger
|c DE-627
|e rakwb
|
| 041 |
|
|
|a ger
|
| 044 |
|
|
|c XA-DXDE
|
| 084 |
|
|
|a 2,1
|2 ssgn
|
| 084 |
|
|
|a 86.09
|2 bkl
|
| 084 |
|
|
|a 86.37
|2 bkl
|
| 245 |
0 |
0 |
|a Geschäftsanweisung für den Arbeitsbetrieb bei den dem Ministerium des Innern unterstellten Strafanstalten und größeren Gefängnissen
|b vom 3. Oktober 1908
|
| 264 |
|
1 |
|a Berlin
|b Dr. d. Strafanstaltsverwaltung
|c 1908
|
| 300 |
|
|
|a 138 S.
|c 4°
|
| 336 |
|
|
|a Text
|b txt
|2 rdacontent
|
| 337 |
|
|
|a ohne Hilfsmittel zu benutzen
|b n
|2 rdamedia
|
| 338 |
|
|
|a Band
|b nc
|2 rdacarrier
|
| 583 |
1 |
|
|a Archivierung prüfen
|c 20240324
|f DE-4165
|z 2
|2 pdager
|
| 650 |
|
4 |
|a Strafvollzug
|x Arbeit
|7 (dpeaa)DE-2619
|
| 650 |
|
4 |
|a Geschäftsanweisung
|7 (dpeaa)DE-2619
|
| 651 |
|
7 |
|0 (DE-588)4047194-9
|0 (DE-627)104516828
|0 (DE-576)209072652
|a Preußen
|2 gnd
|7 (dpeaa)DE-2619
|
| 710 |
2 |
|
|a Preußen
|b Ministerium des Innern
|0 (DE-588)35247-0
|0 (DE-627)100814921
|0 (DE-576)190338385
|4 oth
|
| 935 |
|
|
|a mkri
|
| 936 |
b |
k |
|a 86.09
|j Rechtsgeschichte
|0 (DE-627)106413481
|
| 936 |
b |
k |
|a 86.37
|j Strafvollzug
|0 (DE-627)106413546
|
| 951 |
|
|
|a BO
|
| ELC |
|
|
|b 1
|
| LOK |
|
|
|0 000 xxxxxcx a22 zn 4500
|
| LOK |
|
|
|0 001 4196249469
|
| LOK |
|
|
|0 003 DE-627
|
| LOK |
|
|
|0 004 240733851
|
| LOK |
|
|
|0 005 20221011150348
|
| LOK |
|
|
|0 008 221011||||||||||||||||ger|||||||
|
| LOK |
|
|
|0 035
|a (DE-2619)k03031
|
| LOK |
|
|
|0 040
|a DE-2619
|c DE-627
|d DE-2619
|
| LOK |
|
|
|0 092
|o n
|
| LOK |
|
|
|0 541
|e Bestand Albert-Krebs-Bibliothek: 2002-151
|
| LOK |
|
|
|0 852
|a DE-2619
|
| LOK |
|
|
|0 852 1
|c NC.10.064
|m p
|9 00
|
| LOK |
|
|
|0 935
|a kreb
|
| LOK |
|
|
|0 938
|k p
|
| LOK |
|
|
|0 939
|a 11-10-22
|b l01
|
| ORI |
|
|
|a SA-MARC-krimdoka001.raw
|